000 00817nam a2200217Ia 4500
001 17501
003 GE_BSU
008 181216s||||||||xx |||||||||||||| ||und||
040 _cGE_BSU
080 _a621.01(035.5)
100 _aБерман,Д.М. Гаврилов,А.Н. Горнев,В.Ф.
245 _aСправочник машиностроителя. В шести томах. Том V. книга II.
245 _cРед. совет: Н.С.Ачеркан, М.П.Вукалович, В.Н.Кудрявцев и др. Под ред. Э.А.Сатель.
250 _aИзд. третье, исправ. и дополн.
260 _aМ.
260 _bМашгиз.
260 _c1964.
300 _a920 стр. 23 см.
653 _aСправочник машиностроителя.
942 _cBK
999 _c50551
_d50551